000 01137nam a22003377a 4500
003 CHAP
005 20220329135102.0
008 971013s1982 r 00010 d
010 _a30704
011 _a31676
035 _a35788
040 _cCHAP
090 _aTesis
100 0 0 _aCortés Gutiérrez, Leonel.
_928359
245 _aAspectos productivos y reproductivos de un hato de ganado Charolais en el noreste de México
260 _aMarín. N. L. :
_bEl autor,
_c1982
300 _a104 h.
_b; gráfs.
502 _aTesis (Ing. Agr. Zootecnista) -- Univ. Autónoma de Nuevo León
590 _aALEPH
_b10
_c20130110
_lUCH01
_h1252
590 _aBATCH-UPD
_b10
_c20130110
_lUCH01
_h1605
590 _aBATCH-UPD
_b10
_c20130410
_lUCH01
_h1002
590 _aBATCH-UPD
_b10
_c20130914
_lUCH01
_h1509
590 _aCONVERSION
_b10
_c20130109
_lUCH01
_h1317
650 1 4 _aGanado Charolais.
_945066
650 1 4 _aGanado vacuno
_xFecundidad.
_945466
650 1 4 _aGanado vacuno
_xProducción.
_945506
700 0 _aRíos Santos, Eleuterio del.
_999242
901 _aBK
942 _cTESIS
949 _bBC
_cTES
_d-82705
_eTS1
_h10972
_i35788
_si
999 _c30704
_d30704